Logo BPK

Biblioteka

Politechniki Koszalińskiej

Rozwój motoryzacji w województwie słupskim (Rekord nr 53793)

Szczegóły MARC
000 -ETYKIETA REKORDU
podpole kontrolne o stałej długości 00328nam a2200133 i 4500
001 - NUMER KONTROLNY REKORDU
pole kontrolne bg
040 ## - ŹRÓDŁO KATALOGOWANIA
Instytucja, która utworzyła rekord BPK
044 ## - KOD KRAJU WYDAWCY/PRODUCENTA
Kod kraju wydawcy/producenta pol
008 - POLE O STAŁEJ DŁUGOŚCI - DANE KONTROLNE
podpole kontrolne o stałej długości 130116s pl a f |000 0 pol
245 ## - TYTUŁ/ODPOWIEDZIALNOŚĆ
Tytuł Rozwój motoryzacji w województwie słupskim
260 ## - STREFA ADRESU WYDAWNICZEGO
Miejsce wydania Słupsk
Nazwa wydawcy/dystrybutora Urząd Wojewódzki
Data publikacji, dystrybucji/powstania dokumentu 1998
856 ## - LOKALIZACJA I DOSTĘP DO ELEKTRONICZNYCH DOKUMENTÓW ZDALNYCH
Link (URL) http://koha.tu.koszalin.pl/cgi-bin/koha/opac-detail.pl?biblionumber=53793
Tekst linku Katalog online BPK
942 ## - DODATKOWE ELEMENTY (KOHA)
Typ dokumentu Książka
Egzemplarze
Wycofany Status egzemplarza Uszkodzony Dostępność Lokalizacja stała Lokalizacja bieżąca Miejsce przechowywania Sygnatura Kod kreskowy Typ dokumentu
      W opracowaniu Biblioteka Politechniki Koszalińskiej Biblioteka Politechniki Koszalińskiej Wypożyczalnia BG S 1026 02383620 Książka
© 2023 Biblioteka Politechniki Koszalińskiej :: KOHA